Estadísticas para Población del País - ¿Este u Oeste?

Haz click aquí para intentar la prueba.

Estadísticas generales

  • Esta prueba ha sido intentada 1.725 veces
  • La puntuación promedio es 12 de 15

Estadísticas de respuestas

PreguntaRespuesta% Correcto
ChinaEste
90%
AustraliaEste
85%
PortugalOeste
84%
BrasilEste
83%
PerúOeste
83%
SenegalOeste
82%
RusiaOeste
81%
ArgentinaEste
80%
TurquíaOeste
79%
Estados UnidosEste
77%
IrlandaEste
72%
AlemaniaOeste
72%
PakistánEste
70%
SiriaOeste
70%
DinamarcaEste
66%

Distribución de puntuación

Porcentaje por número respondido

Porcentaje de gente con cada puntuación

Historial de tus puntuaciones

No has intentado esta prueba.